Países del Mundo en 1 Hora - Estadísticas

Estadísticas generales
  • Esta prueba ha sido intentada 4.091 veces
  • La puntuación promedio es 144 de 196
Respuestas en el mapa
Las respuestas están codificadas por una escala verde-roja en el mapa de la prueba según el % correcto abajo.
 
Estadísticas de respuestas
País % Correcto
Canadá
94%
Estados Unidos
94%
México
94%
Argentina
93%
Brasil
93%
Chile
92%
Colombia
92%
España
92%
Francia
92%
Rusia
92%
Bolivia
91%
China
91%
Perú
91%
Venezuela
91%
Alemania
90%
Australia
90%
Italia
90%
Paraguay
90%
Portugal
90%
Reino Unido
90%
Uruguay
90%
Dinamarca
89%
Ecuador
89%
Irlanda
89%
Suecia
89%
Cuba
88%
Finlandia
88%
India
88%
Islandia
88%
Japón
88%
Noruega
88%
Suiza
88%
Ucrania
88%
Corea del Norte
87%
Corea del Sur
87%
Grecia
87%
Países Bajos
87%
Panamá
87%
Polonia
87%
Turquía
87%
Bélgica
86%
Egipto
86%
Marruecos
86%
República Dominicana
86%
Austria
85%
Bielorrusia
85%
Costa Rica
85%
Guyana
85%
Irán
85%
Lituania
85%
Sudáfrica
85%
Arabia Saudita
84%
Croacia
84%
Estonia
84%
Honduras
84%
Letonia
84%
Madagascar
84%
Mongolia
84%
Nueva Zelanda
84%
El Salvador
83%
Haití
83%
Irak
83%
Rumania
83%
Argelia
82%
Guatemala
82%
Hungría
82%
Israel
82%
Nicaragua
82%
República Checa
82%
Albania
81%
Andorra
81%
Eslovaquia
81%
República del Congo
81%
República Democrática del Congo
81%
Bulgaria
80%
Ciudad del Vaticano
80%
Eslovenia
80%
Indonesia
80%
Jamaica
80%
Kazajistán
80%
Luxemburgo
80%
Serbia
80%
Surinam
80%
Afganistán
79%
Níger
79%
Bosnia y Herzegovina
78%
Chipre
78%
Pakistán
78%
Tailandia
78%
Yemen
78%
Emiratos Árabes Unidos
77%
Montenegro
77%
Vietnam
77%
Armenia
76%
Belice
76%
Catar
76%
Filipinas
76%
Guinea
76%
Kosovo
76%
Macedonia del Norte
76%
Malta
76%
Nigeria
76%
Moldavia
75%
Mónaco
75%
Omán
75%
Sudán
75%
Bahamas
74%
Georgia
74%
Angola
73%
San Marino
73%
Túnez
73%
Etiopía
72%
Siria
72%
Somalia
72%
Sri Lanka
72%
Uzbekistán
72%
Azerbaiyán
71%
Jordania
71%
Laos
71%
Libia
71%
Nepal
71%
Camerún
70%
Kenia
70%
Senegal
70%
Taiwán
70%
Liechtenstein
69%
Sudán del Sur
69%
Camboya
68%
Guinea Ecuatorial
68%
Papua Nueva Guinea
68%
Turkmenistán
68%
Chad
67%
Líbano
67%
República Centroafricana
67%
Zimbabue
67%
Dominica
66%
Tanzania
66%
Bangladés
65%
Costa de Marfil
65%
Ghana
65%
Malasia
65%
Malí
65%
Trinidad y Tobago
65%
Zambia
65%
Barbados
64%
Cabo Verde
64%
Mauritania
64%
Myanmar
64%
Santa Lucía
64%
Antigua y Barbuda
63%
Fiyi
63%
Granada
63%
Maldivas
63%
Mozambique
63%
Bután
62%
Kirguistán
61%
Uganda
61%
Botsuana
60%
Kuwait
59%
Lesoto
59%
Singapur
59%
Namibia
58%
Ruanda
58%
Tayikistán
58%
Togo
58%
Guinea-Bissau
57%
Liberia
57%
Mauricio
57%
Estados Federados de Micronesia
56%
Eritrea
55%
Islas Marshall
55%
Sierra Leona
54%
Burkina Faso
53%
Gabón
53%
Islas Salomón
53%
San Vicente y las Granadinas
53%
Seychelles
53%
San Cristóbal y Nieves
52%
Gambia
50%
Malaui
50%
Suazilandia
50%
Benín
49%
Palaos
49%
Santo Tomé y Príncipe
49%
Baréin
48%
Burundi
48%
Samoa
48%
Brunéi
47%
Kiribati
47%
Tonga
47%
Yibuti
46%
Tuvalu
45%
Vanuatu
45%
Comoras
44%
Timor Oriental
44%
Nauru
40%
No se encontraron pruebas coincidentes
Distribución de puntuación
Porcentaje de gente con cada puntuación
Porcentaje por número respondido
Historial de tus puntuaciones
No has intentado esta prueba.